000
00366nam a2200133Ia 4500
008
191206s9999 xx 000 0 und d
020
_a
0889841500 :
090
_a
PS8585.U4388C47
245
0
_a
Christopher Columbus answers all charges
260
_a
Porcupine's Quill
260
_c
cc1993
300
_a
175 p. ; 23 cm.
999
_c
15674
_d
15674